Write your own programming language using C++ (Record no. 40617)
[ view plain ]
| 000 -LEADER | |
|---|---|
| fixed length control field | 00284nam a2200109Ia 4500 |
| 082 ## - DEWEY DECIMAL CLASSIFICATION NUMBER | |
| Classification number | 681.31C |
| Item number | SMI |
| 100 ## - MAIN ENTRY--AUTHOR NAME | |
| Personal name | Smitha, Norman E |
| 245 #0 - TITLE STATEMENT | |
| Title | Write your own programming language using C++ |
| 260 ## - PUBLICATION, DISTRIBUTION, ETC. (IMPRINT) | |
| Place of publication | Delhi |
| Name of publisher | BPB |
| Year of publication | 1992 |
| 942 ## - ADDED ENTRY ELEMENTS (KOHA) | |
| Koha item type | Books |
| Withdrawn status | Lost status | Damaged status | Not for loan | Home library | Current library | Date acquired | Source of acquisition | Cost, normal purchase price | Full call number | Accession Number | Koha item type |
|---|---|---|---|---|---|---|---|---|---|---|---|
| RRII Library | RRII Library | 16/12/2021 | Cost Recovered | 45.00 | 681.31C SMI | 20915 | Books |